Famous People Who Were Polyglots (Knew Many Languages) - Statistics

General Stats
  • This quiz has been taken 362 times
    30 since last reset
  • The average score is 15 of 26
Answer Stats
Person % Correct
Thomas Jefferson
89%
Cleopatra
85%
Pope Francis
85%
Friedrich Engels
81%
Ho Chi Minh
78%
Pope John Paul II
78%
Nikola Tesla
74%
Otto von Bismarck
74%
Pope Benedict
74%
Elizabeth I
70%
Noah Webster
70%
James Joyce
67%
Novak Djokovic
67%
Pope Leo XIV
67%
Christopher Lee
59%
Viggo Mortensen
59%
John Milton
44%
Sukarno
44%
Trevor Noah
44%
Zlatan Ibrahimović
44%
Madeleine Albright
41%
Pete Buttigieg
41%
Carl Friedrich {Gauss}
30%
Mehmed II
26%
Henry Wadsworth Longfellow
19%
Arthur {Rimbaud}
15%
No matching quizzes found
Score Distribution
Percent of People with Each Score
Percentile by Number Answered
Your Score History
You have not taken this quiz since the last reset